[Event "Belgrade-chT2 Quality"]
[Site "Belgrade"]
[Date "2022.11.12"]
[Round "10.4"]
[White "Zivkovic, Ivan R"]
[Black "Nedeljkovic, Aleksandar"]
[Result "1/2-1/2"]
[WhiteElo "1983"]
[BlackElo "2265"]
[PlyCount "115"]
[EventDate "2022.10.15"]
[EventType "team-tourn"]
[EventRounds "13"]
[EventCountry "SRB"]
[SourceTitle "EXT 2024"]
[Source "ChessBase"]
[SourceDate "2023.10.10"]
[SourceVersion "1"]
[SourceVersionDate "2023.10.10"]
[SourceQuality "1"]
[WhiteTeam "Belgrade Vodovod"]
[BlackTeam "Belgrade Bogoslov"]
[WhiteTeamCountry "SRB"]
[BlackTeamCountry "SRB"]

1. Nf3 d5 2. d4 Nf6 3. Bg5 e6 4. Nbd2 Be7 5. e3 b6 6. Bd3 Bb7 7. c3 Nbd7 8. Qe2 c5 9. 0-0 0-0 10. e4 dxe4 11. Nxe4 cxd4 12. cxd4 Nxe4 13. Bxe7 Qxe7 14. Bxe4 Bxe4 15. Qxe4 Nf6 16. Qe2 Qb7 17. Rfe1 Rac8 18. Rac1 Rxc1 19. Rxc1 Rc8 20. Qd2 h6 21. Rc2 Rxc2 22. Qxc2 Nd5 23. a3 a5 24. h3 f6 25. Qc4 Kf7 26. Nd2 Qc7 27. b3 Ke7 28. g3 Kd7 29. Kf1 Qc6 30. a4 Nc3 31. f3 Nd5 32. Ke2 Ne7 33. Kd3 Nf5 34. Ne4 Ne7 35. h4 f5 36. Nd2 Nd5 37. Ke2 Qd6 38. f4 Qb4 39. Nf3 Qxc4+ 40. bxc4 Nf6 41. Ne5+ Kc7 42. Ke3 Ne4 43. g4 Nc3 44. gxf5 exf5 45. c5 Nxa4 46. Nc4 bxc5 47. Nxa5 Nc3 48. dxc5 Nd5+ 49. Kf3 Nf6 50. Nc4 Kc6 51. Nd6 Kxc5 52. Nxf5 Kd5 53. Nxg7 h5 54. Nf5 Ke6 55. Ng3 Kd5 56. Nxh5 Nxh5 57. Kg4 Nxf4 58. Kxf4 1/2-1/2

[Event "Belgrade-chT2 Quality"]
[Site "Belgrade"]
[Date "2022.10.23"]
[Round "4.5"]
[White "Zivkovic, Ivan R"]
[Black "Radovanovic, Srecko"]
[Result "1-0"]
[WhiteElo "1983"]
[BlackElo "1949"]
[PlyCount "83"]
[EventDate "2022.10.15"]
[EventType "team-tourn"]
[EventRounds "13"]
[EventCountry "SRB"]
[SourceTitle "EXT 2024"]
[Source "ChessBase"]
[SourceDate "2023.10.10"]
[SourceVersion "1"]
[SourceVersionDate "2023.10.10"]
[SourceQuality "1"]
[WhiteTeam "Belgrade Vodovod"]
[BlackTeam "Lazarevac Kolubara"]
[WhiteTeamCountry "SRB"]
[BlackTeamCountry "SRB"]

1. e4 c5 2. Nf3 Nc6 3. c3 e6 4. d4 cxd4 5. cxd4 d5 6. e5 Bb4+ 7. Nc3 Nge7 8. Bd3 h6 9. 0-0 Nf5 10. Ne2 0-0 11. a3 Be7 12. Bc2 Bg5 13. Qd3 g6 14. g4 Ng7 15. Nxg5 hxg5 16. Be3 Bd7 17. Qd2 f6 18. exf6 Qxf6 19. Bxg5 Qf3 20. Be3 Qxg4+ 21. Ng3 Nf5 22. Bd1 Qh3 23. Nxf5 Rxf5 24. f4 Kf7 25. Rf3 Qh4 26. Rg3 Ne7 27. Bg4 Rh8 28. Qg2 Qf6 29. Rd1 Ba4 30. Rd2 Rc8 31. Qf1 Bc2 32. Rh3 Be4 33. Rh7+ Kg8 34. Rh3 Kg7 35. Bxf5 Nxf5 36. Bf2 Rc4 37. Rc3 b5 38. Rxc4 bxc4 39. Qh3 Nd6 40. Bh4 Qf7 41. Bg5 Nf5 42. Qc3 1-0

[Event "Belgrade-chT2 Quality"]
[Site "Belgrade"]
[Date "2022.10.16"]
[Round "2.5"]
[White "Zivkovic, Ivan R"]
[Black "Stankovic, Tomislav"]
[Result "0-1"]
[WhiteElo "1983"]
[BlackElo "1992"]
[PlyCount "102"]
[EventDate "2022.10.15"]
[EventType "team-tourn"]
[EventRounds "13"]
[EventCountry "SRB"]
[SourceTitle "EXT 2024"]
[Source "ChessBase"]
[SourceDate "2023.10.10"]
[SourceVersion "1"]
[SourceVersionDate "2023.10.10"]
[SourceQuality "1"]
[WhiteTeam "Belgrade Vodovod"]
[BlackTeam "Novi Belgrade Technicka"]
[WhiteTeamCountry "SRB"]
[BlackTeamCountry "SRB"]

1. Nf3 c5 2. b3 e6 3. Bb2 Nf6 4. e3 Be7 5. Be2 0-0 6. 0-0 Nc6 7. d4 cxd4 8. exd4 d5 9. a3 b6 10. b4 a6 11. Nbd2 Bb7 12. c4 dxc4 13. Nxc4 b5 14. Ncd2 Qb6 15. Nb3 Rad8 16. Qc2 a5 17. bxa5 Nxa5 18. Nc5 Rc8 19. Rac1 Bd5 20. Ne5 Nb3 21. Rb1 Nxc5 22. dxc5 Bxc5 23. Qd2 Qb7 24. Qg5 Be7 25. Ng4 Ne8 26. Nh6+ Kh8 27. Qg3 Qb8 28. Qh3 Be4 29. Bd3 Bxd3 30. Qxd3 Bf6 31. Ng4 Bxb2 32. Rxb2 Rc5 33. a4 Nd6 34. Ne3 Rd8 35. Qd4 Qc7 36. Rd1 Nb7 37. Qg4 Rxd1+ 38. Nxd1 Rc4 39. Qf3 b4 40. g3 h6 41. Qd3 Na5 42. Ne3 Rc3 43. Qe4 b3 44. Qa8+ Kh7 45. Qe4+ g6 46. Qb4 Rxe3 47. fxe3 Qc1+ 48. Kg2 Qxb2+ 49. Kh3 Qe5 50. Qf8 Qf5+ 51. Kg2 b2 0-1

[Event "Belgrade-chT Quality"]
[Site "Belgrade"]
[Date "2021.11.13"]
[Round "9.6"]
[White "Jankovic, Vladimir Z"]
[Black "Zivkovic, Ivan R"]
[Result "1-0"]
[WhiteElo "1743"]
[BlackElo "2040"]
[PlyCount "30"]
[EventDate "2021.10.16"]
[EventType "team-tourn"]
[EventRounds "11"]
[EventCountry "SRB"]
[SourceTitle "EXT 2023"]
[Source "ChessBase"]
[SourceDate "2022.10.05"]
[SourceVersion "1"]
[SourceVersionDate "2022.10.05"]
[SourceQuality "1"]
[WhiteTeam "Belgrade Zemun"]
[BlackTeam "Belgrade Vodovod"]
[WhiteTeamCountry "SRB"]
[BlackTeamCountry "SRB"]

1. e4 d6 2. d4 Nf6 3. Nc3 Nbd7 4. Nf3 e5 5. Bc4 Be7 6. Bxf7+ Kxf7 7. Ng5+ Kg8 8. Ne6 Qe8 9. Nxc7 Qd8 10. Nxa8 b6 11. dxe5 Nxe5 12. Nd5 Nxd5 13. Qxd5+ Kf8 14. 0-0 Bd7 15. f4 Bc6 1-0

[Event "Belgrade-chT Quality"]
[Site "Belgrade"]
[Date "2021.10.24"]
[Round "4.7"]
[White "Zivkovic, Ivan R"]
[Black "Popovic, Andrija"]
[Result "0-1"]
[WhiteElo "2040"]
[BlackElo "2132"]
[PlyCount "56"]
[EventDate "2021.10.16"]
[EventType "team-tourn"]
[EventRounds "11"]
[EventCountry "SRB"]
[SourceTitle "EXT 2023"]
[Source "ChessBase"]
[SourceDate "2022.10.05"]
[SourceVersion "1"]
[SourceVersionDate "2022.10.05"]
[SourceQuality "1"]
[WhiteTeam "Belgrade Vodovod"]
[BlackTeam "Belgrade Polet"]
[WhiteTeamCountry "SRB"]
[BlackTeamCountry "SRB"]

1. e4 e6 2. d3 d5 3. Nd2 b6 4. g3 Bb7 5. Bg2 Nf6 6. e5 Nfd7 7. d4 c5 8. c3 Nc6 9. Ne2 cxd4 10. cxd4 a5 11. a3 Ba6 12. Nf3 a4 13. Bd2 Bc4 14. Bc3 Na5 15. Nd2 b5 16. Nxc4 bxc4 17. Nc1 Nb3 18. Rb1 h5 19. h3 Be7 20. f4 g6 21. Na2 Qb6 22. Nb4 Bxb4 23. axb4 Nb8 24. Rf1 Nc6 25. f5 Nxb4 26. fxg6 fxg6 27. Qf3 0-0-0 28. Qf2 Nd3+ 0-1

[Event "Belgrade-chT Quality"]
[Site "Belgrade"]
[Date "2021.10.16"]
[Round "1.7"]
[White "Lazarevic, Goran"]
[Black "Zivkovic, Ivan R"]
[Result "1-0"]
[WhiteElo "1935"]
[BlackElo "2040"]
[PlyCount "111"]
[EventDate "2021.10.16"]
[EventType "team-tourn"]
[EventRounds "11"]
[EventCountry "SRB"]
[SourceTitle "EXT 2023"]
[Source "ChessBase"]
[SourceDate "2022.10.05"]
[SourceVersion "1"]
[SourceVersionDate "2022.10.05"]
[SourceQuality "1"]
[WhiteTeam "Belgrade Sremcica"]
[BlackTeam "Belgrade Vodovod"]
[WhiteTeamCountry "SRB"]
[BlackTeamCountry "SRB"]

1. e4 e5 2. Nf3 d6 3. Bc4 h6 4. d4 exd4 5. Nxd4 Nf6 6. Nc3 g6 7. Be3 Bg7 8. f3 0-0 9. Qd2 Kh7 10. h4 c6 11. a4 d5 12. exd5 cxd5 13. Bd3 Nc6 14. h5 Ne5 15. hxg6+ fxg6 16. Bxh6 Kg8 17. Bxg7 Nxd3+ 18. Qxd3 Qe7+ 19. Nce2 Kxg7 20. 0-0-0 Bd7 21. Rde1 Qf7 22. Nf4 Rae8 23. Kb1 a6 24. g3 Rxe1+ 25. Rxe1 Re8 26. Rxe8 Qxe8 27. b3 Qe1+ 28. Kb2 Qxg3 29. Nfe6+ Kg8 30. Nc5 Bc8 31. Qe3 Kf7 32. Nde6 Qd6 33. Ng5+ Kg7 34. Nce6+ Bxe6 35. Qxe6 Qxe6 36. Nxe6+ Kh6 37. Kc3 g5 38. Kd4 Kg6 39. Ke5 b6 40. b4 a5 41. c3 d4 42. Nxd4 g4 43. fxg4 Nxg4+ 44. Kd6 Ne3 45. Kc6 Nc4 46. Kb5 Nb2 47. bxa5 bxa5 48. Kxa5 Kf6 49. Kb5 Ke7 50. a5 Kd6 51. c4 Kc7 52. c5 Nd3 53. a6 Ne5 54. Ne6+ Kb8 55. Nd8 Kc7 56. a7 1-0

[Event "Belgrade-chT"]
[Site "Belgrade"]
[Date "2019.09.29"]
[Round "7.1"]
[White "Zivkovic, Ivan R"]
[Black "Tasev, Dejan"]
[Result "1/2-1/2"]
[WhiteElo "2029"]
[BlackElo "2145"]
[PlyCount "34"]
[EventDate "2019.09.23"]
[EventType "team-tourn"]
[EventRounds "11"]
[EventCountry "SRB"]
[SourceTitle "EXT 2020"]
[Source "ChessBase"]
[SourceDate "2019.10.17"]
[SourceVersion "1"]
[SourceVersionDate "2019.10.17"]
[SourceQuality "1"]
[WhiteTeam "Belgrade Vodovod"]
[BlackTeam "Mirijevo"]
[WhiteTeamCountry "SRB"]
[BlackTeamCountry "SRB"]

1. e4 Nf6 2. e5 Nd5 3. d4 d6 4. exd6 exd6 5. c4 Nb6 6. Be3 Be7 7. Nc3 0-0 8. Bd3 Bf6 9. Nge2 Nc6 10. a3 Re8 11. 0-0 Ne7 12. Ne4 Nf5 13. Nxf6+ Qxf6 14. Qd2 h6 15. Rac1 d5 16. c5 Nd7 17. Ng3 Nf8 1/2-1/2